00452nam a2200181Ia 4500008004100000020001800041050001400059100001900073245002900092245004800121260001500169260001600184260000900200300001600209300002700225300001000252500000800262170918s9999 xx 000 0 und d a9780439805902 bC873 1989 aCoville, Bruce aMy teacher is an alien / cBruce Coville ; illustrated by Mike Wimmer. aNew York : bScholastic, c1989 a123 pages : bcolored illustration ; c19cm. a650